Juan Maragall, pensador político / Jorge Xifra Heras
Descripción Física:
39 p. ; 24 cm
MARC
| LEADER | 00000nam a2200000Ia 4500 | ||
|---|---|---|---|
| 001 | 11315 | ||
| 008 | 160829s9999 xx 000 0 cat d | ||
| 080 | |a FU-12-69 | ||
| 100 | 1 | |a Xifra Heras, Jorge, |d 1926-1990 |9 22480 | |
| 245 | |a Juan Maragall, pensador político / Jorge Xifra Heras | ||
| 260 | |a Barcelona : |b (Imprenta - Escuela Casa Provincial de Caridad), dl 1969 | ||
| 300 | |a 39 p. ; |c 24 cm | ||
| 650 | |a Maragall, Joan |x Crítica i interpretació |9 29493 | ||
| 901 | |a Arxiu | ||
| 942 | |n 1 | ||
| 952 | |0 0 |1 0 |4 0 |6 FU1269 |7 1 |9 45411 |a Arxiu |b Arxiu |d 2016-12-01 |l 0 |o FU-12-69 |p 11315 |r 2016-12-01 00:00:00 |w 2016-12-01 |y ARXIU | ||
| 999 | |c 48518 |d 48518 | ||